[Event "SWE-chT 1920 Superettan"]
[Site "Sweden"]
[Date "2020.10.17"]
[Round "8"]
[White "Adahl, Mattias"]
[Black "Mardell, Jonas"]
[Result "1/2-1/2"]
[WhiteElo "2075"]
[BlackElo "2056"]
[PlyCount "142"]
[EventDate "2019.10.18"]
[EventType "team-tourn"]
[EventRounds "9"]
[EventCountry "SWE"]
[SourceTitle "EXT 2023"]
[Source "ChessBase"]
[SourceDate "2022.10.05"]
[SourceVersion "1"]
[SourceVersionDate "2022.10.05"]
[SourceQuality "1"]
[WhiteTeam "Vasteras II"]
[BlackTeam "Umea Rockaden"]
[WhiteTeamCountry "SWE"]
[BlackTeamCountry "SWE"]

1. d4 Nf6 2. Nf3 e6 3. Bg5 d5 4. Nbd2 h6 5. Bxf6 Qxf6 6. e4 c5 7. e5 Qd8 8. c3 Qb6 9. Rb1 Bd7 10. Be2 cxd4 11. Nxd4 Nc6 12. Nxc6 bxc6 13. 0-0 g6 14. Kh1 c5 15. f4 Rd8 16. Qe1 Be7 17. Qg3 Bb5 18. c4 dxc4 19. Nxc4 Bxc4 20. Bxc4 Rd2 21. b3 Qd8 22. f5 Bh4 23. Qe3 gxf5 24. Qxc5 Qe7 25. Qc6+ Kf8 26. Rbd1 Rxd1 27. Rxd1 Bf2 28. Rd7 Qe8 29. Qd6+ Kg7 30. Bxe6 Bc5 31. Qd5 Be7 32. Bxf5 Qc8 33. Qd1 Rd8 34. e6 Rxd7 35. exd7 Qc6 36. Qd4+ Qf6 37. Qxf6+ Kxf6 38. Bg4 Ke5 39. Kg1 f5 40. Bh3 f4 41. Kf2 Kd4 42. Kf3 Bg5 43. Be6 Ke5 44. Bg4 Bd8 45. Ke2 Kd4 46. Kd2 Ba5+ 47. Kc2 Bd8 48. Be2 Bf6 49. b4 Bd8 50. Kb3 Kd5 51. Kc3 Bf6+ 52. Kd3 Bd8 53. a4 Bc7 54. Kc3 Be5+ 55. Kb3 Bc7 56. a5 Kc6 57. Bg4 Kb5 58. Ka3 Bd8 59. Bd1 Be7 60. Kb3 Kc6 61. Bg4 Kb5 62. Bh5 Kc6 63. Be8 Kc7 64. Kc4 Bd6 65. h3 Be7 66. b5 Kb7 67. Kd5 Bd8 68. Kd6 Bxa5 69. Ke7 Bb4+ 70. Kf6 Kc7 71. Ke6 Kd8 1/2-1/2

[Event "Lidkoping op"]
[Site "Lidkoping"]
[Date "2019.08.24"]
[Round "2"]
[White "Kjellqvist, Fredrik"]
[Black "Mardell, Jonas"]
[Result "1/2-1/2"]
[WhiteElo "1778"]
[BlackElo "2059"]
[PlyCount "87"]
[EventDate "2019.08.24"]
[EventType "swiss"]
[EventRounds "7"]
[EventCountry "SWE"]
[SourceTitle "EXT 2020"]
[Source "ChessBase"]
[SourceDate "2019.10.17"]
[SourceVersion "1"]
[SourceVersionDate "2019.10.17"]
[SourceQuality "1"]

1. Nf3 d5 2. c4 e6 3. e3 Nf6 4. Be2 c6 5. 0-0 Bd6 6. d4 Nbd7 7. b3 0-0 8. Bb2 Ne4 9. Nbd2 f5 10. Ne5 Rf6 11. Nxe4 fxe4 12. f4 exf3 13. Bxf3 Qc7 14. Ng4 Rf8 15. c5 Be7 16. e4 b6 17. b4 Ba6 18. Be2 Rxf1+ 19. Qxf1 Rf8 20. Qe1 Bxe2 21. Qxe2 h5 22. Nf2 Bh4 23. Rf1 Qf4 24. exd5 exd5 25. Nd3 Qxf1+ 26. Qxf1 Rxf1+ 27. Kxf1 Bf6 28. a4 bxc5 29. Nxc5 Nxc5 30. bxc5 Kf7 31. Ke2 Ke6 32. Kd3 Kf5 33. Ke3 Bg5+ 34. Kf3 g6 35. h3 Bd2 36. Ke2 Bh6 37. Kf3 a6 38. Bc3 Bc1 39. Ba1 Kg5 40. g3 Kf5 41. Bc3 Bh6 42. Ba5 Bc1 43. Bc3 Bh6 44. Kf2 1/2-1/2

[Event "Helsingor Xtracon op"]
[Site "Helsingor"]
[Date "2019.07.28"]
[Round "10"]
[White "Mardell, Jonas"]
[Black "Rempe, Jonas"]
[Result "0-1"]
[WhiteElo "2024"]
[BlackElo "1839"]
[PlyCount "70"]
[EventDate "2019.07.20"]
[EventType "swiss"]
[EventRounds "10"]
[EventCountry "DEN"]
[SourceTitle "CBM 191 Extra"]
[Source "ChessBase"]
[SourceDate "2019.09.30"]
[SourceVersion "1"]
[SourceVersionDate "2019.09.30"]
[SourceQuality "1"]

1. d4 Nf6 2. Bg5 Ne4 3. Bf4 d6 4. f3 Nf6 5. e4 Nbd7 6. Nd2 e5 7. Be3 g6 8. c3 Bg7 9. Bd3 0-0 10. h4 h5 11. Nh3 d5 12. Bg5 c6 13. Qc2 Qc7 14. 0-0-0 b5 15. Be2 a5 16. g4 b4 17. c4 exd4 18. cxd5 c5 19. Bf4 Qa7 20. Nc4 a4 21. Qd2 Ba6 22. Bh6 Bxc4 23. Bxg7 Kxg7 24. Bxc4 Ne5 25. g5 Nxe4 26. fxe4 Nxc4 27. Qf2 Ne3 28. Qf6+ Kh7 29. Rd2 Ng4 30. Qf4 a3 31. e5 axb2+ 32. Rxb2 c4 33. Nf2 c3 34. Nxg4 cxb2+ 35. Kd2 Qxa2 0-1

[Event "Helsingor Xtracon op"]
[Site "Helsingor"]
[Date "2019.07.26"]
[Round "8"]
[White "Mardell, Jonas"]
[Black "Thorsbro, Peter"]
[Result "1/2-1/2"]
[WhiteElo "2024"]
[BlackElo "2199"]
[PlyCount "76"]
[EventDate "2019.07.20"]
[EventType "swiss"]
[EventRounds "10"]
[EventCountry "DEN"]
[SourceTitle "CBM 191 Extra"]
[Source "ChessBase"]
[SourceDate "2019.09.30"]
[SourceVersion "1"]
[SourceVersionDate "2019.09.30"]
[SourceQuality "1"]

1. e4 e5 2. f4 exf4 3. Bc4 Qh4+ 4. Kf1 Ne7 5. Nc3 d6 6. d4 g5 7. Nf3 Qh6 8. h4 Bg4 9. Kg1 gxh4 10. Qd3 h3 11. g3 Bxf3 12. Qxf3 Qg7 13. Nb5 Na6 14. Bxf4 Ng6 15. Rxh3 Nxf4 16. Qxf4 Be7 17. Rf1 0-0 18. c3 Bg5 19. Qf3 h6 20. Kg2 Rae8 21. Rfh1 d5 22. exd5 Re3 23. Qf5 Qg6 24. Qxg6+ fxg6 25. d6+ Kg7 26. dxc7 Re7 27. Rd1 Nxc7 28. Nxc7 Rxc7 29. Be6 Be7 30. Rhh1 Bd6 31. Rhf1 b6 32. Rde1 Re7 33. d5 Ree8 34. b4 Rxf1 35. Rxf1 Re7 36. a3 Rc7 37. Rc1 Kf6 38. Kf3 a5 1/2-1/2

[Event "Helsingor Xtracon op"]
[Site "Helsingor"]
[Date "2019.07.22"]
[Round "4"]
[White "Mardell, Jonas"]
[Black "Wahlgreen, Noah Krug"]
[Result "1-0"]
[WhiteElo "2024"]
[BlackElo "1743"]
[PlyCount "85"]
[EventDate "2019.07.20"]
[EventType "swiss"]
[EventRounds "10"]
[EventCountry "DEN"]
[SourceTitle "CBM 191 Extra"]
[Source "ChessBase"]
[SourceDate "2019.09.30"]
[SourceVersion "1"]
[SourceVersionDate "2019.09.30"]
[SourceQuality "1"]

1. e4 c6 2. Nc3 d5 3. Qf3 dxe4 4. Nxe4 Nf6 5. Bc4 Qd4 6. Nxf6+ Qxf6 7. Qb3 e6 8. Nf3 Bc5 9. c3 0-0 10. d4 Bd6 11. Bg5 Qg6 12. h4 h6 13. Be3 Qxg2 14. Ke2 Qg6 15. Rag1 Qh5 16. Rg2 Re8 17. Rhg1 Bf8 18. Bd3 e5 19. Bg6 Be6 20. Bxh5 Bxb3 21. axb3 exd4 22. cxd4 Nd7 23. Nh2 Nf6 24. Bf3 Nd5 25. Bxd5 cxd5 26. Ng4 Kh7 27. Kd3 Re4 28. h5 f6 29. f3 Re6 30. Bf4 Rc8 31. Ne3 Rb6 32. Rc2 Rxb3+ 33. Rc3 Rcxc3+ 34. bxc3 Rb5 35. Nf5 Rb6 36. Ra1 a6 37. Ra5 g6 38. hxg6+ Kxg6 39. Rxd5 Re6 40. Nh4+ Kf7 41. Rd7+ Re7 42. Rxe7+ Kxe7 43. Ng6+ 1-0

[Event "SWE-chT 1718 Superettan"]
[Site "Sweden"]
[Date "2018.03.17"]
[Round "8"]
[White "Mardell, Jonas"]
[Black "Grimsholm, Ola"]
[Result "1-0"]
[WhiteElo "2037"]
[BlackElo "2029"]
[PlyCount "57"]
[EventDate "2017.10.20"]
[EventType "team-tourn"]
[EventRounds "9"]
[EventCountry "SWE"]
[SourceTitle "EXT 2019"]
[Source "ChessBase"]
[SourceDate "2018.10.10"]
[SourceVersion "1"]
[SourceVersionDate "2018.10.10"]
[SourceQuality "1"]
[WhiteTeam "Umea Rockaden"]
[BlackTeam "Orgryte"]
[WhiteTeamCountry "SWE"]
[BlackTeamCountry "SWE"]

1. e4 c5 2. c3 d5 3. exd5 Qxd5 4. d4 Nf6 5. Nf3 Bg4 6. Nbd2 cxd4 7. Bc4 Qh5 8. Qb3 b6 9. cxd4 Nbd7 10. h3 e6 11. Rg1 Bxf3 12. Nxf3 Be7 13. Bf4 0-0 14. g4 Qxh3 15. Bf1 Qxg4 16. Rxg4 Nxg4 17. Bc4 a5 18. a4 Ndf6 19. Ne5 Bb4+ 20. Ke2 Rac8 21. Rg1 h5 22. f3 Nxe5 23. Bxe5 Be7 24. Bxe6 Rc6 25. Bd5 Rcc8 26. Qxb6 Kh8 27. Qb3 Kg8 28. Qe3 Kh7 29. Qg5 1-0

[Event "Deltalift op"]
[Site "Tylosand"]
[Date "2015.05.14"]
[Round "4"]
[White "Mardell, Jonas"]
[Black "Lind, Jan Olov"]
[Result "0-1"]
[WhiteElo "2095"]
[BlackElo "2245"]
[PlyCount "60"]
[EventDate "2015.05.14"]
[EventType "swiss"]
[EventRounds "8"]
[EventCountry "SWE"]
[SourceTitle "CBM 166 Extra"]
[Source "ChessBase"]
[SourceDate "2015.06.18"]
[SourceVersion "1"]
[SourceVersionDate "2015.06.18"]
[SourceQuality "1"]

1. e4 c5 2. c3 d5 3. exd5 Qxd5 4. d4 Nc6 5. Nf3 Bf5 6. Be3 cxd4 7. Nxd4 Nxd4 8. Qxd4 Nf6 9. Na3 e5 10. Qa4+ Bd7 11. Bb5 a6 12. Bxd7+ Qxd7 13. Qa5 b5 14. Rd1 Qc6 15. 0-0 Be7 16. Nc2 0-0 17. Nb4 Qb7 18. Nd3 Rfe8 19. Rfe1 Nd5 20. Nc5 Bxc5 21. Bxc5 Nf4 22. f3 Rac8 23. Bd6 Qa7+ 24. Kf1 f6 25. Qa3 Kh8 26. Re4 Rcd8 27. Qb3 Qd7 28. Ree1 Qf5 29. Bb4 Rd3 30. Rxd3 Qxd3+ 0-1

[Event "Skelleftea Solett op"]
[Site "Skelleftea"]
[Date "2001.04.14"]
[Round "7"]
[White "Porrasmaa, Timo"]
[Black "Mardell, Jonas"]
[Result "0-1"]
[WhiteElo "2233"]
[BlackElo "2036"]
[PlyCount "68"]
[EventDate "2001.04.10"]
[EventType "swiss"]
[EventRounds "9"]
[EventCountry "SWE"]
[SourceTitle "CBM 081 Extra"]
[Source "ChessBase"]
[SourceDate "2001.05.06"]
[SourceVersion "1"]
[SourceVersionDate "2001.05.06"]
[SourceQuality "1"]

1. Nf3 Nf6 2. c4 d5 3. cxd5 Nxd5 4. g3 g6 5. Bg2 Bg7 6. 0-0 0-0 7. Nc3 c6 8. d4 Nd7 9. e4 Nc7 10. Re1 e5 11. Bg5 Bf6 12. Bxf6 Qxf6 13. Bh3 exd4 14. Bxd7 dxc3 15. Bxc8 cxb2 16. Rb1 Raxc8 17. e5 Qe7 18. Qd2 Rfd8 19. Qxb2 b5 20. Nd2 Rd5 21. Ne4 Ne8 22. f4 a6 23. Qf2 b4 24. Re3 c5 25. g4 c4 26. Qf3 Rcd8 27. g5 Rd3 28. Rxd3 Rxd3 29. Qf2 c3 30. Nf6+ Nxf6 31. exf6 Qb7 32. Re1 h5 33. Re8+ Kh7 34. Qe2 Rd2 0-1

[Event "Skelleftea Solett op"]
[Site "Skelleftea"]
[Date "2001.04.13"]
[Round "5"]
[White "Mardell, Jonas"]
[Black "Malmdin, Nils Ake"]
[Result "1-0"]
[WhiteElo "2036"]
[BlackElo "2195"]
[PlyCount "69"]
[EventDate "2001.04.10"]
[EventType "swiss"]
[EventRounds "9"]
[EventCountry "SWE"]
[SourceTitle "CBM 081 Extra"]
[Source "ChessBase"]
[SourceDate "2001.05.06"]
[SourceVersion "1"]
[SourceVersionDate "2001.05.06"]
[SourceQuality "1"]

1. e4 d5 2. exd5 Nf6 3. d4 Bg4 4. Nf3 Qxd5 5. Be2 Nc6 6. 0-0 0-0-0 7. Be3 e6 8. c4 Qh5 9. h3 Bd6 10. c5 Bxc5 11. hxg4 Nxg4 12. Bf4 f5 13. dxc5 Rxd1 14. Rxd1 g5 15. Bxg5 e5 16. Nc3 e4 17. Bf4 exf3 18. Bxf3 Ne7 19. Nd5 Ng6 20. Nf6 Qh4 21. Nxg4 Nxf4 22. Ne3 Qg5 23. c6 bxc6 24. Bxc6 Rd8 25. Rxd8+ Kxd8 26. Rd1+ Ke7 27. Rd7+ Ke6 28. Rxh7 Kd6 29. Bf3 Ne6 30. Rh5 Qf6 31. Nxf5+ Kc5 32. Ne3+ Kd6 33. Nc4+ Ke7 34. Ra5 Kd7 35. Bg4 1-0

[Event "Skelleftea Solett op"]
[Site "Skelleftea"]
[Date "2001.04.10"]
[Round "1"]
[White "Hermansson, Emil"]
[Black "Mardell, Jonas"]
[Result "1/2-1/2"]
[WhiteElo "2400"]
[BlackElo "2036"]
[PlyCount "75"]
[EventDate "2001.04.10"]
[EventType "swiss"]
[EventRounds "9"]
[EventCountry "SWE"]
[SourceTitle "CBM 081 Extra"]
[Source "ChessBase"]
[SourceDate "2001.05.06"]
[SourceVersion "1"]
[SourceVersionDate "2001.05.06"]
[SourceQuality "1"]

1. e4 c5 2. Nf3 d6 3. d4 cxd4 4. Nxd4 Nf6 5. Nc3 a6 6. Be2 e5 7. Nb3 Be7 8. 0-0 Be6 9. f4 Qc7 10. Kh1 b5 11. a4 b4 12. Na2 Nc6 13. c3 bxc3 14. Nxc3 Qb7 15. Ra3 Rb8 16. Nd2 Nd4 17. f5 Bd7 18. Bd3 Bc6 19. Nc4 Nxe4 20. Bxe4 Bxe4 21. Nxe4 Qxe4 22. Rg3 Qe2 23. Qxe2 Nxe2 24. Rd3 Nxc1 25. Rxc1 0-0 26. b3 Rfd8 27. Rcd1 e4 28. Rd4 Rxb3 29. Rxe4 Rb4 30. Rde1 Kf8 31. g3 Ra8 32. a5 d5 33. Rxe7 dxc4 34. Rc7 Re8 35. Rxe8+ Kxe8 36. Rc6 Kd7 37. Rxa6 c3 38. Ra7+ 1/2-1/2